00771nam a22001937a 4500999001900000005001700019010001500036020002700051035001400078037001600092082001200108100001500120245005000135260004000185270014800225300005400373942002600427952012400453 c191617d19161720220830150544.0 aENG-134792 c1195.00a9789380156217 aEN-118324 bDBAD/PUBa- a333.714 aAery, N.C. aManual of Environmental Analysis/cN.C. Aery aNew DelhibAne books pvt ltd.c2010 aAne books pvt ltd. 4821, parwana bhawan 1st floor,24 Ansari road, DaryaganjbNew Delhie110002k011-23276843l011-23276863mkapoor@anebooks.com ax, 413p.bIndex, Annexure, Bibliographyc24cm(hb) 2ddccENh333.714mAER 001040708NFICaAVbAVd2022-08-30eDBAD/PUBg1195.00l0o333.714 AERpEN-118324r2022-08-30 00:00:00t1v1195.00yEN